Major Landmasses on Pangea - Map Quiz - Statistics

General Stats
  • This quiz has been taken 4,645 times
  • The average score is 6 of 7
Answers on the Map
Answers color-coded by a green-red scale on the quiz's map according to % correct below.
 
Answer Stats
Answer % Correct
Africa
95%
South America
94%
North America
92%
India
83%
Eurasia
82%
Australia
81%
Antarctica
77%
No matching quizzes found
Score Distribution
Percent of People with Each Score
Percentile by Number Answered
Your Score History
You have not taken this quiz